Úloha ukazovateľa ROA v rámci udržateľného rozvoja v strojárskom priemysle na Slovensku pre MSP a veľké spoločnosti
Zisťovanie významných rozdielov medzi pomermi ROA MSP a veľkých spoločností v slovenskom strojárskom priemysle. Dôkaz o rozdieloch v skóre ROA môže pomôcť malým a stredným podnikom motivovať ich k dosiahnutiu rovnakých alebo lepších finančných výsledkov veľkých spoločností. Zlepšené finančných výsle...
Gespeichert in:
| 1. Verfasser: | |
|---|---|
| Weitere Verfasser: | |
| Format: | Buchkapitel |
| Sprache: | Englisch |
| Schlagworte: | |
| Tags: |
Keine Tags, Fügen Sie das erste Tag hinzu!
|
MARC
| LEADER | 00000naa$a2200000$$$4500 | ||
|---|---|---|---|
| 001 | 0250102 | ||
| 005 | 20240502074014.8 | ||
| 041 | 0 | |a eng | |
| 044 | |a SK | ||
| 245 | 1 | 0 | |a Úloha ukazovateľa ROA v rámci udržateľného rozvoja v strojárskom priemysle na Slovensku pre MSP a veľké spoločnosti |c Pavel Melich, Mehmet Civelek |
| 520 | |a Zisťovanie významných rozdielov medzi pomermi ROA MSP a veľkých spoločností v slovenskom strojárskom priemysle. Dôkaz o rozdieloch v skóre ROA môže pomôcť malým a stredným podnikom motivovať ich k dosiahnutiu rovnakých alebo lepších finančných výsledkov veľkých spoločností. Zlepšené finančných výsledkov by spoločnostiam umožnilo dosiahnuť ciele rozvoja udržateľnosti. | ||
| 610 | 2 | 0 | |a priemysel strojársky |
| 610 | 2 | 0 | |a rentabilita |
| 610 | 2 | 0 | |a rentabilita odvetví |
| 610 | 2 | 0 | |a rentabilita podniku |
| 610 | 2 | 0 | |a aktíva |
| 610 | 2 | 0 | |a aktíva finančné |
| 610 | 2 | 0 | |a aktíva hmotné |
| 610 | 2 | 0 | |a podnik malý |
| 610 | 2 | 0 | |a podnik stredný |
| 610 | 2 | 0 | |a podnik veľký |
| 610 | 2 | 0 | |a rozvoj podniku |
| 610 | 2 | 0 | |a rozvoj trvalo udržateľný |
| 100 | 1 | |a Melich, Pavel | |
| 700 | 1 | |a Civelek, Mehmet | |